| 000 | 00725nam a2200241Ia 4500 | ||
|---|---|---|---|
| 003 | OSt | ||
| 005 | 20220928124044.0 | ||
| 006 | a|||||r|||| 00| 0 | ||
| 007 | ta | ||
| 008 | 220927b |||||||| |||| 00| 0 eng d | ||
| 024 | _a66356 | ||
| 037 | _cAnnuals, Advances | ||
| 040 |
_aSDCL _cSDCL _beng |
||
| 041 |
_2eng _aeng |
||
| 082 | _aXM8:8:(D6,8(B),2771), P5 | ||
| 100 |
_aEom Sean B _9463208 |
||
| 245 | 0 | _aInter-organizational information system in the internet age | |
| 260 |
_aHershey _bIdea Group Publishing _c2005 |
||
| 300 |
_axv,369p _ccm. |
||
| 650 |
_aInternet Management MNC _9463209 |
||
| 942 |
_hXM8:8:(D6,8(B),2771), P5 _cREF _2CC |
||
| 999 |
_c776147 _d776147 |
||